Muqaddimah li-ʻilm al-nafs al-ijtimāʻī / (Record no. 49968)

MARC details
000 -LEADER
fixed length control field 00720cam a22002291 4500
001 - CONTROL NUMBER
control field ne 68000220
003 - CONTROL NUMBER IDENTIFIER
control field DLC
005 - DATE AND TIME OF LATEST TRANSACTION
control field 20260227111836.0
008 - FIXED-LENGTH DATA ELEMENTS--GENERAL INFORMATION
fixed length control field 931118s1966 ua a b 000 0 arar
010 ## - LIBRARY OF CONGRESS CONTROL NUMBER
LC control number ne 68000220
035 ## - SYSTEM CONTROL NUMBER
System control number (OCoLC)29350302
040 ## - CATALOGING SOURCE
Original cataloging agency DLC
Transcribing agency CU
Modifying agency CU
-- DLC
042 ## - AUTHENTICATION CODE
Authentication code premarc
050 00 - LIBRARY OF CONGRESS CALL NUMBER
Classification number HM251
Item number .S85 1966
100 1# - MAIN ENTRY--PERSONAL NAME
Personal name Suwayf, Muṣṭafá,
Dates associated with a name 1924-
245 10 - TITLE STATEMENT
Title Muqaddimah li-ʻilm al-nafs al-ijtimāʻī /
Statement of responsibility, etc. taʼlīf Muṣṭafá Suwayf.
250 ## - EDITION STATEMENT
Edition statement al-Ṭabʻah 2, mazīdah wa-munaqqaḥah.
260 ## - PUBLICATION, DISTRIBUTION, ETC.
Place of publication, distribution, etc. al-Qāhirah :
Name of publisher, distributor, etc. Maktabat al-Anjlū al-Miṣrīyah,
Date of publication, distribution, etc. 1966.
300 ## - PHYSICAL DESCRIPTION
Extent 17, 492 p. :
Other physical details illus. ;
Dimensions 24 cm.
504 ## - BIBLIOGRAPHY, ETC. NOTE
Bibliography, etc. note Includes bibliographies.
650 #0 - SUBJECT ADDED ENTRY--TOPICAL TERM
Topical term or geographic name entry element Social psychology.

No items available.

Powered by Koha